[Event "FB21 1920 SG 1871 Löberitz - Chemnitzer"]
[Site "?"]
[Date "2020.02.15"]
[Round "6.2"]
[White "Berzina, Ilze"]
[Black "Brand, Kathrin"]
[Result "1-0"]
[WhiteElo "2192"]
[BlackElo "1821"]
[PlyCount "55"]
[EventDate "2020.??.??"]

1. e4 c5 2. Nf3 e6 3. c4 d6 4. d4 cxd4 5. Nxd4 Nf6 6. Nc3 Be7 7. Be2 O-O 8. O-O
Nc6 9. Be3 a6 10. Rc1 Qc7 11. f3 Rd8 12. Nd5 exd5 13. cxd5 Bd7 14. Qd2 Rdc8 15.
dxc6 bxc6 16. Bc4 Qb7 17. Bb3 a5 18. Ba4 c5 19. Bxd7 Qxd7 20. Nf5 Rd8 21. Rfd1
Bf8 22. Bg5 Qe6 23. Qf4 Qe5 24. Qh4 Kh8 25. Rc3 d5 26. Bxf6 gxf6 27. f4 Qe6 28.
Rh3 1-0

[Event "FB21 1920 SG 1871 Löberitz - Chemnitzer"]
[Site "?"]
[Date "2020.02.15"]
[Round "6.3"]
[White "Kaden, Romy"]
[Black "Otikova, Elina"]
[Result "0-1"]
[WhiteElo "1858"]
[BlackElo "2090"]
[PlyCount "92"]
[EventDate "2020.??.??"]

1. e4 e5 2. Nf3 Nc6 3. d4 exd4 4. Nxd4 Nf6 5. Nxc6 bxc6 6. Bd3 d5 7. exd5 cxd5
8. O-O Be7 9. Nc3 O-O 10. Bf4 c6 11. h3 Be6 12. Ne2 c5 13. c3 Qb6 14. Qd2 Rfd8
15. b3 Rac8 16. Rac1 a5 17. Bg5 c4 18. Bc2 Ne4 19. Bxe4 dxe4 20. Nd4 f6 21. Be3
Bc5 22. Qc2 cxb3 23. axb3 Bxd4 24. Bxd4 Rxd4 25. Qe2 Rd3 26. Qxe4 Rdxc3 27.
Rxc3 Rxc3 28. Re1 Rc6 29. Kf1 Qb5+ 30. Kg1 Qd5 31. Qa4 Rc8 32. b4 axb4 33. Qxb4
Bf7 34. Rb1 h6 35. Qb2 Bg6 36. Ra1 Be4 37. f3 Bg6 38. Rc1 Rxc1+ 39. Qxc1 Kh7
40. Qe3 Qd3 41. Qf2 f5 42. f4 Bf7 43. Kh2 Bd5 44. Qh4 Qd2 45. Qg3 Bxg2 46. Qxg2
Qxf4+ 0-1

[Event "FB21 1920 SG 1871 Löberitz - Chemnitzer"]
[Site "?"]
[Date "2020.02.15"]
[Round "6.4"]
[White "Naumann, Nadine"]
[Black "Krentz, Susann"]
[Result "1-0"]
[WhiteElo "1955"]
[BlackElo "1728"]
[PlyCount "65"]
[EventDate "2020.??.??"]

1. e4 c5 2. Nf3 d6 3. Bb5+ Bd7 4. Bxd7+ Nxd7 5. d4 cxd4 6. Nxd4 Ngf6 7. Qe2 g6
8. O-O Bg7 9. c3 O-O 10. f3 Rc8 11. Bg5 Ne5 12. Nd2 Nc6 13. N2b3 Nxd4 14. cxd4
Nd7 15. Qb5 f6 16. Be3 Nb6 17. Rac1 Qd7 18. Qxd7 Nxd7 19. Na5 Kf7 20. Nxb7 Nb6
21. b3 d5 22. a4 e6 23. Nd6+ Kg8 24. Nxc8 Nxc8 25. exd5 exd5 26. Rc7 a6 27. Bf4
g5 28. Bg3 f5 29. Be5 Bxe5 30. dxe5 Re8 31. f4 g4 32. Rfc1 Ne7 33. Ra7 1-0

[Event "FB21 1920 SG 1871 Löberitz - Chemnitzer"]
[Site "?"]
[Date "2020.02.15"]
[Round "6.5"]
[White "Schubert, Arlene"]
[Black "Giebel, Christine"]
[Result "0-1"]
[WhiteElo "1560"]
[BlackElo "1831"]
[PlyCount "94"]
[EventDate "2020.??.??"]

1. e4 e6 2. d4 d5 3. exd5 exd5 4. Bd3 Nf6 5. Bf4 Be7 6. Ne2 O-O 7. c3 Re8 8.
O-O Nbd7 9. Qc2 Nf8 10. Nd2 Bg4 11. Rfe1 Nh5 12. Bg3 Bg5 13. f3 Nxg3 14. Nxg3
Bd7 15. Ndf1 g6 16. b3 Ne6 17. Ne2 Qf6 18. Qb2 Re7 19. c4 Bc6 20. Nfg3 Be3+ 21.
Kh1 Nxd4 22. Red1 Qe5 23. Rab1 Nxe2 24. Nxe2 d4 25. b4 a6 26. Qa1 Rae8 27. b5
axb5 28. cxb5 Bd5 29. a4 Bf2 30. Rb4 Qg5 31. Rf1 Rxe2 32. Bxe2 Rxe2 33. Qd1 Qd2
34. Qxd2 Rxd2 35. a5 Ra2 36. h3 Be3 37. a6 bxa6 38. bxa6 Rxa6 39. Rb5 c6 40.
Rb8+ Kg7 41. Rd1 Ra2 42. Rb4 Rc2 43. Ra4 c5 44. Ra3 Be6 45. Kh2 c4 46. Re1 Bf4+
47. Kg1 d3 0-1

[Event "FB21 1920 SG 1871 Löberitz - Chemnitzer"]
[Site "?"]
[Date "2020.02.15"]
[Round "6.6"]
[White "Schuster, Rebekka"]
[Black "Brewig, Becky"]
[Result "1-0"]
[WhiteElo "1838"]
[BlackElo "1412"]
[PlyCount "47"]
[EventDate "2020.??.??"]

1. e4 c5 2. Nf3 Nc6 3. d4 cxd4 4. Nxd4 d6 5. Nc3 Nf6 6. f3 e5 7. Nb3 Be6 8. Bg5
Be7 9. Qd2 O-O 10. O-O-O Ne8 11. h4 Qd7 12. g4 Rc8 13. Nd5 Bxg5 14. hxg5 f6 15.
Qh2 g6 16. gxf6 Nxf6 17. Nc5 Qg7 18. Nxe6 Qd7 19. Nxf8 Rxf8 20. Nxf6+ Rxf6 21.
Bc4+ Kh8 22. g5 Rf8 23. Rxd6 Qg7 24. Rf6 1-0

[Event "FB21 1920 SC Leipzig-Lindenau - USV TU "]
[Site "?"]
[Date "2020.02.15"]
[Round "6.1"]
[White "Dumkova, Daniela"]
[Black "Lorenz, Nicole"]
[Result "1/2-1/2"]
[WhiteElo "1934"]
[BlackElo "1917"]
[PlyCount "45"]
[EventDate "2020.??.??"]

1. d4 Nf6 2. c4 e6 3. g3 d5 4. Nd2 c5 5. cxd5 Qxd5 6. Ngf3 cxd4 7. Bg2 Nc6 8.
O-O Qb5 9. a4 Qh5 10. Nc4 Bc5 11. Bf4 O-O 12. Nfe5 Nxe5 13. Nxe5 Nd5 14. Bxd5
exd5 15. Nf3 Bg4 16. Nxd4 Bxd4 17. Qxd4 Bxe2 18. Rfe1 Rfe8 19. Ra3 Re4 20. Qd2
Rae8 21. Re3 Rxe3 22. Bxe3 Bf3 23. Bxa7 1/2-1/2

[Event "FB21 1920 SC Leipzig-Lindenau - USV TU "]
[Site "?"]
[Date "2020.02.15"]
[Round "6.3"]
[White "Vavrinkova, Eliska"]
[Black "Weimert, Miriam"]
[Result "0-1"]
[WhiteElo "1820"]
[BlackElo "1846"]
[PlyCount "60"]
[EventDate "2020.??.??"]

1. d4 d5 2. Nf3 Nf6 3. c4 c6 4. Nc3 a6 5. a4 a5 6. Qc2 e6 7. Bg5 Be7 8. e3 O-O
9. Bd3 h6 10. Bh4 Na6 11. c5 Nb4 12. Qe2 Nxd3+ 13. Qxd3 Nd7 14. Bg3 b6 15. cxb6
Qxb6 16. Qc2 Ba6 17. Ne2 Bb4+ 18. Nd2 Bxe2 19. Kxe2 c5 20. Qd3 c4 21. Qc2 Qa6
22. Kf3 Rfe8 23. Rhd1 Rac8 24. Nb1 e5 25. dxe5 Nxe5+ 26. Bxe5 Rxe5 27. Nc3 Qf6+
28. Ke2 Rd8 29. Rd4 Bc5 30. Rf4 Qxf4 0-1

[Event "FB21 1920 SC Leipzig-Lindenau - USV TU "]
[Site "?"]
[Date "2020.02.15"]
[Round "6.4"]
[White "Spangenberg, Romy"]
[Black "von Keyserlingk, Chanda"]
[Result "1/2-1/2"]
[WhiteElo "1872"]
[BlackElo "1734"]
[PlyCount "50"]
[EventDate "2020.??.??"]

1. e4 c5 2. Nf3 d6 3. d4 cxd4 4. Nxd4 Nf6 5. Nc3 g6 6. Be2 Bg7 7. Be3 O-O 8.
O-O Nc6 9. Qd2 Ng4 10. Bxg4 Bxg4 11. f3 Bd7 12. f4 Rc8 13. Nxc6 Bxc6 14. Bd4
Bxd4+ 15. Qxd4 Qa5 16. Rae1 Qc5 17. Qxc5 dxc5 18. Nd5 Rfe8 19. c4 Kg7 20. e5 e6
21. Nc3 Rcd8 22. Rd1 Kf8 23. Kf2 Ke7 24. g3 Rxd1 25. Rxd1 Rd8 1/2-1/2

[Event "FB21 1920 SC Leipzig-Lindenau - USV TU "]
[Site "?"]
[Date "2020.02.15"]
[Round "6.5"]
[White "Hartmann, Anne"]
[Black "Herbrig, Marie-Helen"]
[Result "0-1"]
[WhiteElo "1762"]
[BlackElo "1864"]
[PlyCount "74"]
[EventDate "2020.??.??"]

1. c4 e5 2. Nc3 Nf6 3. Nf3 d6 4. d3 g6 5. e4 Bg7 6. Be2 O-O 7. O-O h6 8. h3 Be6
9. Be3 c6 10. Qc1 Kh7 11. Rd1 Qe7 12. d4 exd4 13. Nxd4 Bc8 14. f3 Nbd7 15. Rb1
Re8 16. Bf4 Ne5 17. b3 a6 18. Bf1 Bd7 19. Nde2 Bc8 20. Qd2 Bf8 21. Kf2 b5 22.
Nd4 Bb7 23. g4 Nfd7 24. Kg2 Nb6 25. cxb5 axb5 26. Be3 b4 27. Nce2 c5 28. Nb5
Nxf3 29. Qxd6 Qxe4 30. Qf4 Qxe3 31. Qxf7+ Bg7 32. Qxb7 Nh4+ 33. Kh1 Rf8 34. Re1
Rab8 35. Qc6 Rf6 36. Qc7 Rxf1+ 37. Rxf1 Qe4+ 0-1

[Event "FB21 1920 SG Leipzig - SC Rotation Pank"]
[Site "?"]
[Date "2020.02.15"]
[Round "6.1"]
[White "Wagner-Michel, Annett"]
[Black "Halas, Julia"]
[Result "1-0"]
[WhiteElo "2037"]
[BlackElo "2010"]
[PlyCount "117"]
[EventDate "2020.??.??"]

1. e4 e6 2. d4 d5 3. Nc3 Nf6 4. exd5 exd5 5. Bf4 Bd6 6. Qd2 Qe7+ 7. Be2 Be6 8.
Bxd6 Qxd6 9. Bd3 O-O 10. Nge2 c5 11. Nb5 Qb6 12. dxc5 Qxc5 13. c3 Nc6 14. Qf4
Rad8 15. O-O Ne4 16. Rac1 f5 17. b4 Qe7 18. Qe3 Ne5 19. f3 Nxd3 20. Qxd3 a6 21.
Nbd4 Nd6 22. Nf4 Bf7 23. Rce1 Qh4 24. g3 Qf6 25. Nfe6 f4 26. Nxd8 Rxd8 27. Qc2
Rc8 28. Qd2 fxg3 29. hxg3 h5 30. Rf2 Qg6 31. Rg2 b5 32. Kh2 Qf6 33. Rge2 h4 34.
Rg2 Nf5 35. Nxf5 Qxf5 36. Re3 Be6 37. g4 Qf4+ 38. Kh1 h3 39. Rge2 Kf7 40. Qe1
Bd7 41. Qh4 Kg8 42. Qh5 d4 43. Qd5+ Kh7 44. Qxd4 Qxd4 45. cxd4 Rc1+ 46. Kh2 Rd1
47. Kxh3 Rxd4 48. a3 Bc6 49. Kg3 Bd5 50. f4 Bc4 51. Re1 Kg6 52. Re7 Rd3+ 53.
R1e3 Rd6 54. f5+ Kf6 55. Kf4 g5+ 56. Kg3 Rd2 57. Rh7 Bd5 58. Rh6+ Kg7 59. Rg6+
1-0

[Event "FB21 1920 SG Leipzig - SC Rotation Pank"]
[Site "?"]
[Date "2020.02.15"]
[Round "6.2"]
[White "Prausner, Carmen"]
[Black "Burchardt, Brigitte"]
[Result "1/2-1/2"]
[WhiteElo "1922"]
[BlackElo "2091"]
[PlyCount "115"]
[EventDate "2020.??.??"]

1. e4 c5 2. Nf3 d6 3. d4 cxd4 4. Nxd4 Nf6 5. Nc3 a6 6. Bc4 e6 7. Bg5 Nbd7 8.
Qe2 Qa5 9. f4 e5 10. Nf5 h6 11. Bxf6 Nxf6 12. O-O-O Bxf5 13. exf5 Be7 14. Nd5
Nxd5 15. Rxd5 Qc7 16. fxe5 dxe5 17. Rxe5 Kf8 18. Re1 Bg5+ 19. Kb1 Kg8 20. g4
Kh7 21. Rd1 Bf6 22. Re3 Rhd8 23. Rxd8 Rxd8 24. a3 Rd4 25. Bb3 Rd7 26. Re8 b5
27. Rf8 Re7 28. Qf3 g6 29. fxg6+ Kxg6 30. Qf5+ Kg7 31. Qc8 Qxh2 32. Rg8+ Kh7
33. Rf8 Qc7 34. Qxa6 Bg7 35. Rc8 Re1+ 36. Ka2 Qe5 37. Rc3 Qe8 38. Rc5 b4 39.
Qd3+ Kh8 40. c3 bxa3 41. Bc2 Kg8 42. bxa3 Re3 43. Qh7+ Kf8 44. Qf5 Rxc3 45.
Rxc3 Bxc3 46. Qc5+ Qe7 47. Qxc3 Qe6+ 48. Bb3 Qxg4 49. Qh8+ Ke7 50. Qxh6 Qe2+
51. Kb1 Qd3+ 52. Kb2 Qd4+ 53. Ka2 Qf2+ 54. Kb1 Qf5+ 55. Kb2 Qe5+ 56. Kc2 Qc5+
57. Kb2 Qd4+ 58. Kc2 1/2-1/2

[Event "FB21 1920 SG Leipzig - SC Rotation Pank"]
[Site "?"]
[Date "2020.02.15"]
[Round "6.3"]
[White "Jahn, Constanze"]
[Black "Gempe, Anet"]
[Result "1/2-1/2"]
[WhiteElo "2055"]
[BlackElo "1984"]
[PlyCount "24"]
[EventDate "2020.??.??"]

1. e4 e6 2. Qe2 Be7 3. e5 c5 4. Qg4 Kf8 5. Bd3 Nc6 6. f4 Nb4 7. Qe2 c4 8. Be4
d5 9. c3 Nc6 10. Bc2 Nh6 11. Nf3 Qb6 12. d4 cxd3 1/2-1/2

[Event "FB21 1920 SG Leipzig - SC Rotation Pank"]
[Site "?"]
[Date "2020.02.15"]
[Round "6.4"]
[White "Lobe, Sandra"]
[Black "Mai, Iris"]
[Result "1/2-1/2"]
[WhiteElo "1787"]
[BlackElo "2033"]
[PlyCount "66"]
[EventDate "2020.??.??"]

1. e4 c5 2. Nf3 e6 3. d3 b6 4. g3 Bb7 5. Bg2 Nc6 6. O-O Nge7 7. Nbd2 d5 8. Re1
d4 9. a4 Qc7 10. Nc4 e5 11. Nh4 Rd8 12. f4 Ng6 13. Nxg6 hxg6 14. Rf1 Bd6 15. f5
gxf5 16. Rxf5 Bc8 17. Rh5 Ke7 18. Qf3 Be6 19. Bd2 Qc8 20. Rf1 f6 21. Rf5 Bxf5
22. exf5 Nb4 23. c3 Nc2 24. Qg4 Kf8 25. Qd1 Ne3 26. Bxe3 dxe3 27. Nxe3 c4 28.
Nxc4 Bc5+ 29. Kh1 a5 30. Be4 Qc7 31. Qe2 Rh6 32. Nd2 Qd7 33. b3 Qc7 1/2-1/2

[Event "FB21 1920 SG Leipzig - SC Rotation Pank"]
[Site "?"]
[Date "2020.02.15"]
[Round "6.5"]
[White "Heyme, Sibylle"]
[Black "Just, Gabriele"]
[Result "1/2-1/2"]
[WhiteElo "2041"]
[BlackElo "1847"]
[PlyCount "58"]
[EventDate "2020.??.??"]

1. e4 e6 2. d4 d5 3. Nd2 Nc6 4. c3 e5 5. dxe5 Nxe5 6. Qa4+ c6 7. Be2 Nf6 8. f4
Ned7 9. exd5 Nxd5 10. Ne4 Be7 11. Bd2 Qb6 12. Qb3 Nc5 13. Nxc5 Bxc5 14. Qxb6
axb6 15. Bf3 Ne7 16. a3 b5 17. O-O-O Be6 18. Ne2 O-O-O 19. Ng3 f6 20. Ne4 Bb6
21. Rde1 Bd5 22. Rhf1 Bc4 23. Rh1 Nd5 24. g4 Bc7 25. f5 Nf4 26. Bxf4 Bxf4+ 27.
Kb1 Bd5 28. Bd1 Rhe8 29. Bc2 Kc7 1/2-1/2

[Event "FB21 1920 SG Leipzig - SC Rotation Pank"]
[Site "?"]
[Date "2020.02.15"]
[Round "6.6"]
[White "Oswald, Hannah"]
[Black "Wolf, Sylvia"]
[Result "0-1"]
[WhiteElo "1679"]
[BlackElo "2025"]
[PlyCount "62"]
[EventDate "2020.??.??"]

1. e4 c5 2. Nf3 d6 3. d4 cxd4 4. Nxd4 Nf6 5. Nc3 a6 6. Bg5 e6 7. f4 b5 8. e5
dxe5 9. fxe5 Qc7 10. Qe2 Nfd7 11. Nf3 Bb4 12. Bd2 Nc6 13. a3 Ba5 14. g3 Bb7 15.
Bg2 O-O 16. O-O Ncxe5 17. Nxe5 Bxg2 18. Qxg2 Nxe5 19. Rad1 Nc4 20. Bc1 Nxb2 21.
Bxb2 Bxc3 22. Bc1 Rac8 23. Kh1 Qc6 24. Qxc6 Rxc6 25. Rd7 Bf6 26. Ra7 h5 27. Rd1
Rfc8 28. Be3 Rc3 29. Rd3 Rxc2 30. Rxa6 Rb2 31. Rd2 Rc1+ 0-1

[Event "FB21 1920 Chemnitzer SC Aufbau 95 - SV "]
[Site "?"]
[Date "2020.02.16"]
[Round "7.1"]
[White "Hartung, Katja"]
[Black "Czaeczine, Anne"]
[Result "1/2-1/2"]
[WhiteElo "1920"]
[BlackElo "2209"]
[PlyCount "129"]
[EventDate "2020.??.??"]

1. e4 c5 2. d4 cxd4 3. c3 Nf6 4. e5 Nd5 5. Qxd4 e6 6. Bc4 Nc6 7. Qe4 d6 8. exd6
Nf6 9. Qe2 Bxd6 10. Nf3 O-O 11. Bg5 Be7 12. O-O Nd5 13. Bxd5 Qxd5 14. Bxe7 Nxe7
15. Na3 b6 16. Rfd1 Qc5 17. Qe5 Qxe5 18. Nxe5 f6 19. Nec4 Ba6 20. Rd6 e5 21.
Rad1 Rfc8 22. Ne3 Rc7 23. Nac2 Bb5 24. Nb4 Rac8 25. Nbd5 Nxd5 26. Nxd5 Rb7 27.
Ne3 Rf8 28. c4 Be8 29. b3 g6 30. f3 Kg7 31. Ng4 Rff7 32. Nf2 f5 33. Rd8 Rbe7
34. R8d6 Rf6 35. R1d2 Ree6 36. Rxe6 Rxe6 37. Nd1 e4 38. fxe4 Rxe4 39. Nc3 Re5
40. Kf2 Bc6 41. Rd6 Be8 42. Nd5 g5 43. Nc3 Re7 44. Nd5 Rd7 45. Re6 Bg6 46. Re7+
Rxe7 47. Nxe7 f4 48. Nxg6 Kxg6 49. Kf3 Kf5 50. h3 h5 51. b4 g4+ 52. Ke2 Ke4 53.
hxg4 hxg4 54. c5 bxc5 55. bxc5 Kd5 56. Kd3 Kxc5 57. Ke4 f3 58. gxf3 gxf3 59.
Kxf3 Kb4 60. Ke4 Ka3 61. Kd3 a5 62. Kc3 Kxa2 63. Kc2 a4 64. Kc1 a3 65. Kc2
1/2-1/2

[Event "FB21 1920 Chemnitzer SC Aufbau 95 - SV "]
[Site "?"]
[Date "2020.02.16"]
[Round "7.3"]
[White "Pflug, Tanja"]
[Black "Krentz, Susann"]
[Result "1-0"]
[WhiteElo "2035"]
[BlackElo "1728"]
[PlyCount "65"]
[EventDate "2020.??.??"]

1. d4 Nf6 2. Bf4 e6 3. e3 Be7 4. Nd2 d5 5. Ngf3 O-O 6. Bd3 Nh5 7. Bg3 Nf6 8. c3
Nbd7 9. Ne5 c5 10. Bf4 Ne8 11. h4 f5 12. g4 Nxe5 13. dxe5 Bxh4 14. gxf5 exf5
15. Qh5 g5 16. Rg1 Ng7 17. Bxg5 Bxg5 18. Qxg5 Qxg5 19. Rxg5 c4 20. Bc2 Kf7 21.
f4 h6 22. Rg2 Bd7 23. Nf3 Rh8 24. Rd1 Be6 25. Nd4 Rag8 26. Kf2 h5 27. Rdg1 h4
28. Nxe6 Nxe6 29. Rxg8 Rxg8 30. Rxg8 Kxg8 31. Bxf5 Kf7 32. Bxe6+ Kxe6 33. Kg2
1-0

[Event "FB21 1920 Chemnitzer SC Aufbau 95 - SV "]
[Site "?"]
[Date "2020.02.16"]
[Round "7.4"]
[White "Schubert, Arlene"]
[Black "Moritz, Cornelia"]
[Result "0-1"]
[WhiteElo "1560"]
[BlackElo "1802"]
[PlyCount "98"]
[EventDate "2020.??.??"]

1. e4 c5 2. Nf3 Nc6 3. d4 cxd4 4. Nxd4 d6 5. Nc3 Nf6 6. Be2 e5 7. Nf3 Be7 8.
O-O O-O 9. b3 Bg4 10. Nd2 Bxe2 11. Nxe2 Rc8 12. c3 d5 13. exd5 Qxd5 14. Bb2
Rcd8 15. Nc4 Qe4 16. Qe1 b5 17. Ne3 Bc5 18. Ng3 Qg6 19. Qe2 Qd3 20. Rfe1 Bxe3
21. Qxe3 Qxe3 22. Rxe3 Rd2 23. Ba3 Rfd8 24. Kf1 Ng4 25. Re2 Nxh2+ 26. Ke1 Rxe2+
27. Kxe2 Ng4 28. Bc5 g6 29. f3 Nf6 30. Rc1 Nd5 31. Kf1 Nf4 32. Be3 Nd3 33. Rd1
f5 34. Bg1 Kf7 35. Ne2 a6 36. Bb6 Rd7 37. b4 Ke6 38. Ra1 Nb2 39. Ke1 Na4 40.
Bf2 Rd3 41. Rc1 Kd5 42. Rc2 a5 43. bxa5 Nxa5 44. Rd2 Kc4 45. Rxd3 Kxd3 46. Bg3
Nc4 47. Kf1 Nxc3 48. Nxc3 Kxc3 49. Be1+ Kb2 0-1

[Event "FB21 1920 Chemnitzer SC Aufbau 95 - SV "]
[Site "?"]
[Date "2020.02.16"]
[Round "7.6"]
[White "Czaeczine, Paula"]
[Black "Kuemmel, Tina"]
[Result "0-1"]
[WhiteElo "1132"]
[BlackElo "1474"]
[PlyCount "130"]
[EventDate "2020.??.??"]

1. e4 e6 2. d4 d5 3. e5 c5 4. c3 Nc6 5. Nf3 Qb6 6. a3 Bd7 7. b4 cxd4 8. cxd4
Nge7 9. Be2 Nf5 10. Be3 Be7 11. Nc3 f6 12. Qd2 fxe5 13. dxe5 d4 14. Rd1 dxe3
15. Qxd7+ Kf8 16. O-O Nd8 17. Bb5 Nf7 18. Bc4 Nd8 19. Bb3 a5 20. Qa4 Qc6 21.
Qxc6 bxc6 22. bxa5 exf2+ 23. Rxf2 Bc5 24. Nd4 Ke8 25. Nce2 Rxa5 26. Rf4 Rxa3
27. Kh1 Bxd4 28. Nxd4 Ne3 29. Rd3 Ra1+ 30. Bd1 Rxd1+ 31. Rxd1 Nxd1 32. Rf1 Ne3
33. Rc1 Rf8 34. Kg1 Rf4 35. Nf3 h6 36. Re1 Nd5 37. Ra1 Rb4 38. Ra7 Rb7 39. Ra8
c5 40. Rc8 Rc7 41. Rb8 c4 42. Nd4 Ke7 43. Nb5 Rc5 44. Kf2 c3 45. Nd4 c2 46. Nb3
c1=Q 47. Nxc1 Rxc1 48. Ra8 Nc6 49. Rc8 Rc2+ 50. Kf3 Nd4+ 51. Ke4 Rxc8 52. Kxd4
Rc2 53. g3 Rxh2 54. Ke4 Re2+ 55. Kf3 Rxe5 56. g4 Re3+ 57. Kf2 Kf6 58. Kg1 Kg5
59. Kh1 Kxg4 60. Kg2 Re2+ 61. Kf1 Kf3 62. Kg1 Rf2 63. Kh1 Kg3 64. Kg1 Rf3 65.
Kh1 Rf1# 0-1

[Event "FB21 1920 SV Grün-Weiß Niederwiesa - "]
[Site "?"]
[Date "2020.02.16"]
[Round "7.1"]
[White "Reizniece-Ozola, Dana"]
[Black "Arnhold, Steffi"]
[Result "1/2-1/2"]
[WhiteElo "2314"]
[BlackElo "2019"]
[PlyCount "120"]
[EventDate "2020.??.??"]

1. c4 e5 2. Nc3 Nf6 3. g3 d5 4. cxd5 Nxd5 5. Bg2 Nb6 6. e3 c5 7. Nge2 Nc6 8.
O-O Be7 9. f4 exf4 10. Nxf4 O-O 11. Ncd5 Nxd5 12. Nxd5 Be6 13. Nxe7+ Qxe7 14.
b3 Rad8 15. Bxc6 bxc6 16. Ba3 Rd5 17. Qc2 Rfd8 18. d4 Qg5 19. Bxc5 Qxe3+ 20.
Qf2 Qxf2+ 21. Rxf2 a6 22. Rc1 Rf5 23. Rxf5 Bxf5 24. Re1 Be6 25. Kf2 Re8 26. Re3
f6 27. Ke1 Bd7 28. Rxe8+ Bxe8 29. Kd2 Bh5 30. Kc3 Kf7 31. Kb4 Ke6 32. Bf8 g6
33. Kc5 Kd7 34. Bg7 f5 35. d5 cxd5 36. Kxd5 Be2 37. Bh6 Bf3+ 38. Ke5 Ke7 39. b4
Bc6 40. Bg5+ Kf7 41. Kd6 Bb5 42. Kc5 Kg7 43. Kb6 h6 44. Bd2 g5 45. a4 Bxa4 46.
Kxa6 Kf6 47. b5 Ke5 48. b6 Bc6 49. b7 Bxb7+ 50. Kxb7 Ke4 51. Kc6 f4 52. gxf4
gxf4 53. Kd6 f3 54. Be1 Ke3 55. Ke5 f2 56. Bxf2+ Kxf2 57. Kf5 Ke3 58. h4 Kd4
59. Kg6 Ke5 60. Kxh6 Kf6 1/2-1/2

[Event "FB21 1920 SV Grün-Weiß Niederwiesa - "]
[Site "?"]
[Date "2020.02.16"]
[Round "7.2"]
[White "Arnhold, Kerstin"]
[Black "Berzina, Ilze"]
[Result "0-1"]
[WhiteElo "1964"]
[BlackElo "2192"]
[PlyCount "88"]
[EventDate "2020.??.??"]

1. e4 c6 2. d4 d5 3. Nd2 dxe4 4. Nxe4 Nd7 5. Bc4 Ngf6 6. Ng3 e6 7. Nf3 Bd6 8.
c3 O-O 9. O-O c5 10. Qe2 Qc7 11. Bg5 b6 12. dxc5 Bxc5 13. Rad1 Bb7 14. Nd4 Rfe8
15. Nh5 Nxh5 16. Qxh5 a6 17. Rd3 Be4 18. Rd2 Bg6 19. Qh4 h6 20. Bf4 e5 21. Bxh6
exd4 22. Bf4 Qc6 23. Qg4 Ne5 24. Bxe5 Rxe5 25. cxd4 Re4 26. Qf3 Bb4 27. Rc2 Qf6
28. Qb3 Bd6 29. Rc3 Rh4 30. g3 Rxd4 31. Bd5 Re8 32. Rf3 Qe7 33. Bc6 Rb4 34. Qd1
Rc8 35. Bd5 Rxb2 36. Re3 Qc7 37. Qg4 Qc2 38. Bb3 Qf5 39. Qd4 Qf6 40. Qxb6 Bc5
41. Qb7 Qc6 42. Bxf7+ Bxf7 43. Qxb2 Bxe3 44. fxe3 Qe4 0-1

[Event "FB21 1920 SV Grün-Weiß Niederwiesa - "]
[Site "?"]
[Date "2020.02.16"]
[Round "7.3"]
[White "Otikova, Elina"]
[Black "Orlova, Liubov"]
[Result "0-1"]
[WhiteElo "2090"]
[BlackElo "1980"]
[PlyCount "52"]
[EventDate "2020.??.??"]

1. e4 c5 2. Nf3 d6 3. d4 cxd4 4. Nxd4 Nf6 5. Nc3 g6 6. f3 Bg7 7. Be3 Nc6 8. Qd2
O-O 9. Bc4 Bd7 10. Bb3 Na5 11. O-O-O Rb8 12. g4 b5 13. Qd3 Nxb3+ 14. cxb3 b4
15. Nce2 Qa5 16. Kb1 Rfc8 17. h4 h5 18. gxh5 Nxh5 19. Rc1 d5 20. Rxc8+ Rxc8 21.
Nc2 Bc6 22. Bd2 dxe4 23. fxe4 Qe5 24. Ned4 Bxe4 25. Qa6 Bxc2+ 26. Ka1 Rd8 0-1

[Event "FB21 1920 SV Grün-Weiß Niederwiesa - "]
[Site "?"]
[Date "2020.02.16"]
[Round "7.4"]
[White "Kindt, Ulrike"]
[Black "Naumann, Nadine"]
[Result "1/2-1/2"]
[WhiteElo "1770"]
[BlackElo "1955"]
[PlyCount "59"]
[EventDate "2020.??.??"]

1. d4 d5 2. Nf3 Nf6 3. e3 Bf5 4. Bd3 e6 5. Bxf5 exf5 6. Qd3 Qc8 7. c4 c6 8. Nc3
Na6 9. a3 Nc7 10. O-O Bd6 11. c5 Be7 12. b4 a6 13. Na4 Qd8 14. Qxf5 O-O 15. Nb6
Rb8 16. Ne5 g6 17. Qd3 Na8 18. Na4 Nh5 19. f4 f6 20. Nf3 f5 21. Bd2 Nf6 22. Be1
Ne4 23. Qe2 Bf6 24. Nc3 Nxc3 25. Bxc3 Qe7 26. Ne5 Nc7 27. a4 Qe6 28. h3 Bg7 29.
Kh1 Rbe8 30. Be1 1/2-1/2

[Event "FB21 1920 SV Grün-Weiß Niederwiesa - "]
[Site "?"]
[Date "2020.02.16"]
[Round "7.5"]
[White "Giebel, Christine"]
[Black "Schiffer, Sabine"]
[Result "1-0"]
[WhiteElo "1831"]
[BlackElo "1671"]
[PlyCount "47"]
[EventDate "2020.??.??"]

1. e4 c5 2. c3 e6 3. d4 cxd4 4. cxd4 d5 5. e5 Bb4+ 6. Nc3 Nc6 7. Qg4 g6 8. Nf3
a6 9. Bd3 Bd7 10. O-O Qb6 11. Be3 Be7 12. Rfc1 Nb4 13. Bf1 h5 14. Qh3 Nh6 15.
a3 Nc6 16. Na4 Qd8 17. Bd3 Nf5 18. Bxf5 exf5 19. Qg3 b6 20. Nc3 Be6 21. h4 Rg8
22. Ng5 Bxg5 23. Bxg5 Nxd4 24. Bxd8 1-0

[Event "FB21 1920 SV Grün-Weiß Niederwiesa - "]
[Site "?"]
[Date "2020.02.16"]
[Round "7.6"]
[White "Homilius, Gabriele"]
[Black "Schuster, Rebekka"]
[Result "0-1"]
[WhiteElo "1390"]
[BlackElo "1838"]
[PlyCount "26"]
[EventDate "2020.??.??"]

1. e4 e6 2. d4 d5 3. e5 c5 4. Nf3 Nc6 5. c3 Nge7 6. Bd3 Ng6 7. Be3 Qb6 8. Qb3
Qa5 9. Qb5 Qc7 10. Bxg6 hxg6 11. Nbd2 Bd7 12. Qd3 cxd4 13. cxd4 Nb4 0-1

[Event "FB21 1920 SC Rotation Pankow - SC Leipz"]
[Site "?"]
[Date "2020.02.16"]
[Round "7.1"]
[White "Lowke, Kathrin"]
[Black "Wagner-Michel, Annett"]
[Result "1-0"]
[WhiteElo "1837"]
[BlackElo "2037"]
[PlyCount "121"]
[EventDate "2020.??.??"]

1. e4 c5 2. Nf3 Nc6 3. d4 cxd4 4. Nxd4 Nf6 5. Nc3 d6 6. Bc4 e6 7. Bb3 Be7 8.
O-O O-O 9. Kh1 a6 10. a4 Qc7 11. f4 Bd7 12. Be3 Na5 13. Qf3 Rac8 14. Qg3 Nc4
15. Bxc4 Qxc4 16. e5 Ne8 17. Ne4 f6 18. Nd2 Qc7 19. N2f3 Qb8 20. f5 dxe5 21.
fxe6 exd4 22. exd7 dxe3 23. dxc8=Q Qxc8 24. Nd4 Bc5 25. Qxe3 Nc7 26. Qb3+ Kh8
27. Nf5 g6 28. Ng3 Kg7 29. Rad1 Rf7 30. Ne4 Ne6 31. Nd6 Bxd6 32. Rxd6 Ng5 33.
Qd3 Qg4 34. Rd4 Qe6 35. Rd1 h5 36. Rd7 Qg4 37. Rxf7+ Nxf7 38. b3 Ne5 39. Qd8
Qe2 40. Qd2 Qg4 41. h3 Qh4 42. Qd4 Qg3 43. Qd6 Qf2 44. Qc7+ Kh6 45. Qxb7 Qxc2
46. Qd5 Kg7 47. Rf1 Qe2 48. Qd1 Qe3 49. Qd6 f5 50. b4 Nd3 51. Qxa6 Nf2+ 52. Kh2
Qf4+ 53. g3 Qe3 54. Qb7+ Kh6 55. Qg2 Ne4 56. Rf3 Qd4 57. b5 Qxa4 58. Qb2 Qa8
59. h4 Nf6 60. Qxf6 Qxf3 61. Qh8# 1-0

[Event "FB21 1920 SC Rotation Pankow - SC Leipz"]
[Site "?"]
[Date "2020.02.16"]
[Round "7.2"]
[White "Burchardt, Brigitte"]
[Black "Weimert, Miriam"]
[Result "1/2-1/2"]
[WhiteElo "2091"]
[BlackElo "1846"]
[PlyCount "43"]
[EventDate "2020.??.??"]

1. e4 c5 2. b3 d5 3. exd5 Qxd5 4. Nc3 Qd8 5. Nf3 Nc6 6. Bb5 Bd7 7. O-O Nf6 8.
Bb2 e6 9. Ng5 a6 10. Be2 Be7 11. Bf3 O-O 12. Re1 Qc7 13. g3 Nd4 14. Bg2 Bc6 15.
f3 Rad8 16. Kh1 b5 17. Nce4 Nd5 18. c3 Nf5 19. Qe2 h6 20. Nh3 Bb7 21. Nhf2 Rd7
22. Rac1 1/2-1/2

[Event "FB21 1920 SC Rotation Pankow - SC Leipz"]
[Site "?"]
[Date "2020.02.16"]
[Round "7.3"]
[White "Spangenberg, Romy"]
[Black "Jahn, Constanze"]
[Result "1/2-1/2"]
[WhiteElo "1872"]
[BlackElo "2055"]
[PlyCount "97"]
[EventDate "2020.??.??"]

1. e4 c5 2. Nf3 e6 3. d4 cxd4 4. Nxd4 Nc6 5. Nc3 Qc7 6. Ndb5 Qb8 7. f4 a6 8.
Nd4 Nge7 9. Be3 Nxd4 10. Qxd4 Nc6 11. Qd2 b5 12. a3 d6 13. Be2 Be7 14. O-O Qc7
15. f5 Ne5 16. Bg5 f6 17. Bh4 Bd7 18. Bh5+ g6 19. fxe6 Bxe6 20. Bxf6 Qc5+ 21.
Kh1 Bxf6 22. Rxf6 O-O-O 23. Rxe6 gxh5 24. Qd5 Qxd5 25. Nxd5 Rhe8 26. Rxe8 Rxe8
27. Nf6 Rf8 28. Nxh5 Rf2 29. Rc1 Nc4 30. Kg1 Rd2 31. b3 Nxa3 32. g4 Nxc2 33.
Nf6 Kd8 34. Nxh7 Nd4 35. Rf1 Re2 36. g5 Rxe4 37. Nf6 Re5 38. h4 Nf5 39. Rf4
Nxh4 40. Rxh4 Rxg5+ 41. Rg4 Rxg4+ 42. Nxg4 Kc7 43. Kf2 Kb6 44. Ke3 Kc5 45. Kd3
Kb4 46. Kc2 a5 47. Nf2 Kc5 48. Kc3 b4+ 49. Kd3 1/2-1/2